Breakaway unions and the small trade union. (Record no. 2718)

MARC details
000 -LEADER
fixed length control field 00651cam a22002411 4500
001 - CONTROL NUMBER
control field 7963189
003 - CONTROL NUMBER IDENTIFIER
control field OSt
005 - DATE AND TIME OF LATEST TRANSACTION
control field 20230626131813.0
008 - FIXED-LENGTH DATA ELEMENTS--GENERAL INFORMATION
fixed length control field 780209s1961 enk 000 0 eng
010 ## - LIBRARY OF CONGRESS CONTROL NUMBER
LC control number 61002641
035 ## - SYSTEM CONTROL NUMBER
System control number (OCoLC)3620733
040 ## - CATALOGING SOURCE
Original cataloging agency DLC
Transcribing agency ICRC
Modifying agency ICRC
-- DLC
043 ## - GEOGRAPHIC AREA CODE
Geographic area code e-uk-en
050 00 - LIBRARY OF CONGRESS CALL NUMBER
Classification number HD6664
Item number .L58
082 ## - DEWEY DECIMAL CLASSIFICATION NUMBER
Classification number 331.880942
Item number LER
100 1# - MAIN ENTRY--PERSONAL NAME
Personal name Lerner, Shirley W.
245 10 - TITLE STATEMENT
Title Breakaway unions and the small trade union.
260 ## - PUBLICATION, DISTRIBUTION, ETC. (IMPRINT)
Place of publication, distribution, etc. London,
Name of publisher, distributor, etc. Ruskin House
Date of publication, distribution, etc. [1961]
300 ## - PHYSICAL DESCRIPTION
Extent 210 p.
Dimensions 23 cm.
650 #0 - SUBJECT ADDED ENTRY--TOPICAL TERM
Topical term or geographic name as entry element Labor unions
Geographic subdivision Great Britain.
906 ## - LOCAL DATA ELEMENT F, LDF (RLIN)
a 7
b cbc
c oclcrpl
d u
e ncip
f 19
g y-gencatlg
942 ## - ADDED ENTRY ELEMENTS (KOHA)
Source of classification or shelving scheme Dewey Decimal Classification
Koha item type Books
Holdings
Withdrawn status Lost status Source of classification or shelving scheme Damaged status Not for loan Home library Current library Date acquired Total Checkouts Full call number Barcode Date last seen Price effective from Koha item type
    Dewey Decimal Classification     County Hall Archives County Hall Archives 06/26/2023   331.880942 LER 10001342 06/26/2023 06/26/2023 Books
LIBRARY OPENING HOURS

When the Parliament is sitting: 8.00a.m - 7.00p.m or until the house adjourns
Mondays and Fridays and when the House is on Recess:  8.00a.m - 5.00p.m
Closed on Weekends and Public Holidays

Online Public Access Catalog (OPAC)
Website: http://www.parliament.go.ke
Bunge Library: https://libraryir.parliament.go.ke
Contact: library@parliament.go.ke | Tel no: (254-2)2221291 or 2848000 Ext 5043